000 00513nam a2200169Ia 4500
003 GCL
008 140319s9999 xx 000 0 ara d
040 _aGCL /
_cGCL
082 0 4 _a813.03
_bت ف
100 1 _aتوفيق الحكيم
245 1 0 _aفن الأدب /
_cتوفيق الحكيم
490 _aكتاب
_v0
650 0 4 _aالادب العربى
650 0 4 _aالحضارة العربية الاسلامية - المعارف البحرية
650 0 4 _aالمسرح العربى
942 _2ddc
_cBK
999 _c41818
_d41818